000 00318nam a22001337a 4500
008 170816b xxu||||| |||| 00| 0 eng d
020 _a9780805303902
041 _aeng
080 _24TH
_a51
100 _a36
101 _aMAT
245 _aMATHEMATICS FOR ELEMENTARY SCHOOL TEACHERS
_cBILLSTEIN,R
942 _2udc
_cBK
999 _c23613
_d23613